Emoji Quiz #8 - Statistics

General Stats
  • This quiz has been taken 15 times
  • The average score is 18 of 25
Answer Stats
Hint Answer % Correct
πŸ„ {cow}
92%
πŸ– {pig}
92%
🐁 {mouse}
85%
πŸ‡ {rabbit}
85%
πŸ€ {rat}
85%
πŸͺ {camel}
77%
πŸ‰ {dragon}
77%
🐘 {elephant}
77%
🦘 {kangaroo}
77%
🦨 {skunk}
77%
🐍 {snake}
77%
🐒 {turtle}
77%
🦫 {beaver}
69%
🐿️ {chipmunk}
69%
🐊 {crocodile}
69%
🐐 {goat}
69%
πŸ¦” {hedgehog}
69%
πŸ¦™ {llama}
69%
🦣 {mammoth}
69%
πŸ¦₯ {sloth}
69%
πŸƒ {water} buffalo
69%
🦎 {lizard}
62%
🐏 {ram}
54%
🦑 {badger}
38%
πŸ‘ {ewe}
15%
No matching quizzes found
Score Distribution
Percent of People with Each Score
Percentile by Number Answered
Your Score History
You have not taken this quiz